[Event "GER-ch 71st"]
[Site "Altenkirchen"]
[Date "1999.11.19"]
[Round "8"]
[White "Kindermann, Stefan"]
[Black "Jugelt, Tobias"]
[Result "1-0"]
[WhiteElo "2527"]
[BlackElo "2401"]
[EventDate "1999.11.12"]
[PlyCount "89"]

1. e4 Nf6 2. e5 Nd5 3. d4 d6 4. Nf3 c6 5. c4 Nc7 6. Nc3 Bg4 7. h3 Bxf3 8. Qxf3 d5 9. Be3 e6 10. Be2 Be7 11. Qg4 O-O 12. O-O Nd7 13. Bh6 Ne8 14. cxd5 cxd5 15. Bd3 a6 16. Be3 Nc7 17. Rac1 f5 18. exf6 Nxf6 19. Qe2 Bd6 20. Na4 Qe8 21. Nc5 Rb8 22. Bg5 h6 23. Bd2 Nh5 24. g3 Rf6 25. Bb1 Qf7 26. Kg2 Nb5 27. Be3 g5 28. a4 Nf4+ 29. Bxf4 gxf4 30. Qg4+ Kh8 31. axb5 Rg8 32. Qh4 Rg5 33. Nd3 f3+ 34. Kh2 Rh5 35. Qg4 Rg5 36. Rc8+ Kg7 37. Qh4 Rh5 38. Qg4+ Rg5 39. Ne5 Bxe5 40. dxe5 Rxg4 41. exf6+ Qxf6 42. Rc7+ Kf8 43. hxg4 Qxb2 44. bxa6 bxa6 45. Bg6 1-0

[Event "GER-ch 71st"]
[Site "Altenkirchen"]
[Date "1999.11.19"]
[Round "8"]
[White "Krause, Ullrich"]
[Black "Hickl, Joerg"]
[Result "0-1"]
[WhiteElo "2263"]
[BlackElo "2552"]
[EventDate "1999.11.12"]
[PlyCount "66"]

1. g3 e5 2. Bg2 Nf6 3. c4 c6 4. d4 d6 5. Nc3 Nbd7 6. e3 Be7 7. Nge2 O-O 8. O-O Rb8 9. b3 Re8 10. Bb2 Qc7 11. Rc1 Bf8 12. Qd2 a6 13. f4 exd4 14. exd4 b5 15. cxb5 axb5 16. Nd5 Nxd5 17. Bxd5 Bb7 18. Bf3 Qb6 19. g4 c5 20. d5 b4 21. Kh1 Ra8 22. Ba1 Qa6 23. Rc2 Re7 24. Ng3 Rae8 25. Qg2 Nb6 26. g5 Re1 27. Rcf2 Qd3 28. h4 Bxd5 29. Bxd5 Rxf1+ 30. Nxf1 Qxd5 31. Rd2 Qf5 32. Qf3 Re4 33. Rf2 Nd5 0-1

[Event "GER-ch 71st"]
[Site "Altenkirchen"]
[Date "1999.11.19"]
[Round "8"]
[White "Mueller, Matthias"]
[Black "Walter, Guenter"]
[Result "1/2-1/2"]
[WhiteElo "2403"]
[BlackElo "2305"]
[EventDate "1999.11.12"]
[PlyCount "53"]

1. e4 e5 2. Nf3 d6 3. d4 exd4 4. Nxd4 Nf6 5. Nc3 Be7 6. Be2 O-O 7. O-O Nc6 8. Be3 Nxd4 9. Bxd4 c6 10. a4 d5 11. exd5 Nxd5 12. Nxd5 Qxd5 13. Bf3 Qg5 14. Re1 Be6 15. Re5 Qh6 16. Qe2 Bd6 17. Rh5 Qg6 18. h4 h6 19. Ra5 Bf5 20. h5 Qe6 21. Qxe6 fxe6 22. Rxa7 Rxa7 23. Bxa7 Bxc2 24. a5 Ra8 25. Bb6 Bb3 26. Bd4 Bd5 27. Be2 1/2-1/2

[Event "GER-ch 71st"]
[Site "Altenkirchen"]
[Date "1999.11.19"]
[Round "8"]
[White "Osieka, Udo"]
[Black "Suhl, Dirk"]
[Result "1/2-1/2"]
[WhiteElo "2342"]
[BlackElo "2360"]
[EventDate "1999.11.12"]
[PlyCount "31"]

1. Nf3 c5 2. c4 Nc6 3. d4 cxd4 4. Nxd4 Nf6 5. Nc3 e6 6. a3 Bc5 7. Nb3 Be7 8. e4 b6 9. f4 d6 10. Bd3 Bb7 11. O-O Qc7 12. Nb5 Qb8 13. Be3 O-O 14. Rc1 a6 15. Nc3 Nd7 16. Re1 1/2-1/2

[Event "GER-ch 71st"]
[Site "Altenkirchen"]
[Date "1999.11.19"]
[Round "8"]
[White "Reefschlaeger, Helmut"]
[Black "Paulsen, Dirk"]
[Result "0-1"]
[WhiteElo "2381"]
[BlackElo "2331"]
[EventDate "1999.11.12"]
[PlyCount "98"]

1. d4 Nf6 2. Nf3 c5 3. e3 b6 4. b3 g6 5. Bb2 Bg7 6. Be2 O-O 7. O-O Na6 8. c4 cxd4 9. exd4 Bb7 10. Nbd2 Nc7 11. Re1 d6 12. Bf1 Rc8 13. a3 Nd7 14. Qc2 d5 15. Rac1 Nb5 16. c5 Nd6 17. b4 b5 18. a4 a6 19. Rcd1 e6 20. a5 Nc4 21. Bc3 Nb8 22. g3 Rc7 23. Bg2 Nc6 24. h4 Qf6 25. Nxc4 dxc4 26. Ne5 Ne7 27. c6 Bxc6 28. Nxc6 Rxc6 29. Bxc6 Nxc6 30. Qd2 Ne7 31. Re5 Qf3 32. Re3 Qc6 33. d5 Nxd5 34. Bxg7 Nxe3 35. Qxe3 Kxg7 36. Qc3+ f6 37. f4 Rf7 38. Rd4 Rd7 39. g4 Rxd4 40. Qxd4 c3 41. Qa7+ Kg8 42. Qb8+ Kf7 43. Qa7+ Ke8 44. Qxh7 c2 45. Qxg6+ Kd7 46. Qh7+ Kc8 47. Qg8+ Kb7 48. Qh7+ Qc7 49. Qe4+ Kb8 0-1

[Event "GER-ch 71st"]
[Site "Altenkirchen"]
[Date "1999.11.19"]
[Round "8"]
[White "Riegler, Dieter"]
[Black "Schunk, Eduard"]
[Result "0-1"]
[WhiteElo "2194"]
[BlackElo "2260"]
[EventDate "1999.11.12"]
[PlyCount "64"]

1. d4 Nf6 2. c4 g6 3. Nc3 Bg7 4. e4 d6 5. f4 O-O 6. Nf3 Na6 7. Bd3 c5 8. d5 e6 9. O-O exd5 10. cxd5 Rb8 11. a4 Nb4 12. Bc4 Bg4 13. h3 Bxf3 14. Rxf3 Nd7 15. g4 Re8 16. Qb3 Kh8 17. Bd2 a6 18. Re1 Qa5 19. Bf1 b5 20. axb5 axb5 21. Nd1 Qa4 22. Qxa4 bxa4 23. Bd3 Nxd3 24. Rxd3 c4 25. Ra3 Nc5 26. Bc3 Rb3 27. Rxb3 axb3 28. Bxg7+ Kxg7 29. Nf2 Ra8 30. Rc1 Ra2 31. Rxc4 Rxb2 32. e5 Rc2 0-1

[Event "GER-ch 71st"]
[Site "Altenkirchen"]
[Date "1999.11.19"]
[Round "8"]
[White "Von Herman, Ulf"]
[Black "Schmidt, Reiner"]
[Result "1-0"]
[WhiteElo "2407"]
[BlackElo "2144"]
[EventDate "1999.11.12"]
[PlyCount "69"]

1. d4 Nf6 2. c4 g6 3. Nc3 Bg7 4. Nf3 d6 5. Bg5 O-O 6. e3 Nc6 7. Be2 Re8 8. Nd2 h6 9. Bh4 e5 10. d5 Ne7 11. g4 c6 12. e4 Qa5 13. a3 Bd7 14. Bg3 a6 15. h4 Kf8 16. O-O g5 17. h5 c5 18. f3 Qc7 19. Bf2 Reb8 20. b4 b6 21. Nb3 Ne8 22. Qd2 Kg8 23. Rfb1 Bf6 24. Rb2 Kg7 25. Rab1 Kg8 26. Be3 Nc8 27. Nc1 Be7 28. Nd3 f6 29. Rb3 Kg7 30. Kg2 Kf7 31. Qb2 Qa7 32. bxc5 dxc5 33. Nxc5 Ned6 34. Nxd7 Qxd7 35. c5 1-0

[Event "GER-ch 71st"]
[Site "Altenkirchen"]
[Date "1999.11.20"]
[Round "9"]
[White "Blum, Gernot"]
[Black "Janz, Frerik"]
[Result "0-1"]
[WhiteElo "2128"]
[BlackElo "2284"]
[EventDate "1999.11.12"]
[PlyCount "62"]

1. e4 c5 2. c4 Nc6 3. Nc3 g6 4. f4 Bg7 5. Nf3 d6 6. Be2 e6 7. O-O Nge7 8. d3 O-O 9. h3 a6 10. Bd2 Rb8 11. Rc1 b5 12. b3 Nd4 13. Qe1 b4 14. Nb1 Nec6 15. Bd1 Bd7 16. Nh2 a5 17. Kh1 e5 18. Qg3 f5 19. h4 fxe4 20. dxe4 exf4 21. Bxf4 Be5 22. Bg4 Bxg4 23. Bxe5 Nxe5 24. Nxg4 Ne2 25. Qh3 Nxc1 26. Rxc1 Qd7 27. Nh6+ Kg7 28. Qe3 Qe7 29. g3 Rf3 30. Qg5 Qxg5 31. hxg5 Rxg3 0-1

[Event "GER-ch 71st"]
[Site "Altenkirchen"]
[Date "1999.11.20"]
[Round "9"]
[White "Gottschling, Stefan"]
[Black "Riegler, Dieter"]
[Result "1-0"]
[WhiteElo "2243"]
[BlackElo "2194"]
[EventDate "1999.11.12"]
[PlyCount "69"]

1. e4 d5 2. exd5 Nf6 3. c4 c6 4. d4 cxd5 5. Nc3 g6 6. Qb3 Bg7 7. cxd5 O-O 8. Be2 Nbd7 9. Bf3 Nb6 10. Nge2 Bf5 11. a4 a5 12. Qb5 Qd6 13. Bf4 Qb4 14. Bc7 Nc4 15. b3 Na3 16. Rxa3 Qxa3 17. Bxa5 Bc2 18. O-O Qxb3 19. Bb4 Rfc8 20. Bxe7 Rxc3 21. Nxc3 Qxc3 22. Qxb7 Qc8 23. Qxc8+ Rxc8 24. a5 Nd7 25. Rc1 Rb8 26. Bc5 Bd3 27. d6 Kf8 28. g4 Ke8 29. Ba7 Rb1 30. Rxb1 Bxb1 31. Bb7 Bf8 32. Bc5 Nb8 33. a6 Nxa6 34. Bxa6 Bg7 35. Bb5+ 1-0

[Event "GER-ch 71st"]
[Site "Altenkirchen"]
[Date "1999.11.20"]
[Round "9"]
[White "Grund, Holger"]
[Black "Bischoff, Klaus"]
[Result "0-1"]
[WhiteElo "2482"]
[BlackElo "2509"]
[EventDate "1999.11.12"]
[PlyCount "110"]

1. e4 c5 2. Nf3 d6 3. d4 Nf6 4. Nc3 cxd4 5. Qxd4 e5 6. Qd1 h6 7. Bc4 Be7 8. Qe2 a6 9. O-O Nbd7 10. Rd1 b5 11. Bb3 Qc7 12. Nd2 Bb7 13. Nf1 Nb6 14. Ne3 b4 15. Ncd5 Nbxd5 16. Nxd5 Nxd5 17. Bxd5 Bxd5 18. Rxd5 Rc8 19. Bd2 O-O 20. Bxb4 Qxc2 21. Rd2 Qc4 22. Bc3 Qxe2 23. Rxe2 Rc4 24. Rd1 Rfc8 25. f3 f6 26. Rd5 Kf7 27. Red2 Ke6 28. a3 h5 29. Kf2 g6 30. Ke2 f5 31. exf5+ gxf5 32. Kf2 h4 33. g3 Rg8 34. Ra5 Rc6 35. f4 Bd8 36. Rad5 hxg3+ 37. hxg3 Bb6+ 38. Kf1 Rxg3 39. fxe5 Rg1+ 40. Ke2 Rg2+ 41. Kf3 Rxd2 42. Rxd2 dxe5 43. Rg2 Bc7 44. Rg8 Kd5 45. Rg5 f4 46. a4 Rh6 47. a5 Bd6 48. Bd2 Rh7 49. Kg4 Rf7 50. Kf3 Rb7 51. Bc3 Rh7 52. Kg4 Rh1 53. Kf3 Rh3+ 54. Ke2 Ke4 55. Rg6 f3+ 0-1

[Event "GER-ch 71st"]
[Site "Altenkirchen"]
[Date "1999.11.20"]
[Round "9"]
[White "Huebner, Robert"]
[Black "Jussupow, Artur"]
[Result "1/2-1/2"]
[WhiteElo "2599"]
[BlackElo "2636"]
[EventDate "1999.11.12"]
[PlyCount "30"]

1. e4 e5 2. Nf3 Nf6 3. d4 Nxe4 4. Bd3 d5 5. Nxe5 Nd7 6. Nxd7 Bxd7 7. O-O Bd6 8. c4 c6 9. cxd5 cxd5 10. Qh5 O-O 11. Qxd5 Bc6 12. Qh5 g6 13. Qh3 Bb4 14. Be3 Re8 15. Bxe4 Rxe4 1/2-1/2

[Event "GER-ch 71st"]
[Site "Altenkirchen"]
[Date "1999.11.20"]
[Round "9"]
[White "Jugelt, Tobias"]
[Black "Von Herman, Ulf"]
[Result "1-0"]
[WhiteElo "2401"]
[BlackElo "2407"]
[EventDate "1999.11.12"]
[PlyCount "67"]

1. d4 Nf6 2. Bg5 e6 3. Nd2 h6 4. Bh4 b6 5. e4 Bb7 6. Bd3 Be7 7. c3 d6 8. Qe2 Nbd7 9. f4 c5 10. Ngf3 Qc7 11. e5 Nd5 12. Bg3 cxd4 13. Nxd4 O-O 14. O-O dxe5 15. f5 Nf4 16. Bxf4 exf4 17. fxe6 Ne5 18. exf7+ Rxf7 19. Be4 Bxe4 20. Qxe4 Re8 21. Rae1 Bf6 22. Qd5 Rd8 23. Qb3 Qd7 24. Ne4 Re8 25. Nxf6+ gxf6 26. Qc2 f3 27. gxf3 Rg7+ 28. Kh1 Kh8 29. Qf5 Qf7 30. Qh3 Reg8 31. Nf5 Rg6 32. Re4 Qh7 33. Rh4 Nf7 34. Ne7 1-0

[Event "GER-ch 71st"]
[Site "Altenkirchen"]
[Date "1999.11.20"]
[Round "9"]
[White "Kersten, Uwe"]
[Black "Osieka, Udo"]
[Result "1/2-1/2"]
[WhiteElo "2366"]
[BlackElo "2342"]
[EventDate "1999.11.12"]
[PlyCount "25"]

1. e4 c6 2. d4 d5 3. Nc3 dxe4 4. Nxe4 Nd7 5. Ng5 e6 6. Bd3 h6 7. Qh5 Qe7 8. Nxf7 Ndf6 9. Nd6+ Kd7 10. Nxc8 Qb4+ 11. c3 Nxh5 12. cxb4 Bxb4+ 13. Bd2 1/2-1/2

[Event "GER-ch 71st"]
[Site "Altenkirchen"]
[Date "1999.11.20"]
[Round "9"]
[White "Lutz, Christopher"]
[Black "Kindermann, Stefan"]
[Result "1-0"]
[WhiteElo "2591"]
[BlackElo "2527"]
[EventDate "1999.11.12"]
[PlyCount "59"]

1. d4 Nf6 2. c4 g6 3. Nc3 Bg7 4. e4 d6 5. Nf3 O-O 6. Be2 e5 7. O-O Na6 8. Be3 Ng4 9. Bg5 Qe8 10. dxe5 dxe5 11. h3 h6 12. Bd2 Nf6 13. Be3 Qe7 14. a3 c6 15. b4 Nh5 16. c5 Rd8 17. Qc1 Nf4 18. Bxf4 exf4 19. e5 g5 20. Re1 Nc7 21. Ne4 Nd5 22. Nd6 Be6 23. Rb1 h5 24. Bc4 g4 25. Nd4 gxh3 26. Bxd5 cxd5 27. Qxf4 Kh7 28. N4f5 Bxf5 29. Qxf5+ Kg8 30. Rb3 1-0

[Event "GER-ch 71st"]
[Site "Altenkirchen"]
[Date "1999.11.20"]
[Round "9"]
[White "Marchio, Enrico"]
[Black "Mueller, Matthias"]
[Result "1-0"]
[WhiteElo "2289"]
[BlackElo "2403"]
[EventDate "1999.11.12"]
[PlyCount "89"]

1. b3 d5 2. Bb2 c5 3. e3 Nf6 4. Nf3 e6 5. Ne5 Be7 6. Bb5+ Bd7 7. Nxd7 Nfxd7 8. Bxg7 Rg8 9. Bb2 Bf6 10. Nc3 Rxg2 11. Qf3 Rg6 12. Qh5 Nc6 13. Qxh7 Ke7 14. Bxc6 bxc6 15. Qh3 Qh8 16. Qxh8 Rxh8 17. Ke2 Kf8 18. h3 Rgh6 19. Rag1 Rxh3 20. Rxh3 Rxh3 21. Rg4 c4 22. bxc4 Ne5 23. Ba3+ Be7 24. Bxe7+ Kxe7 25. Rg8 Nxc4 26. Ra8 a5 27. d3 Na3 28. Rxa5 Nxc2 29. Kd2 Nb4 30. Ra7+ Kf8 31. d4 e5 32. dxe5 d4 33. Nd1 dxe3+ 34. Nxe3 Rh5 35. Nc4 Rf5 36. Ke2 Nd5 37. a4 Rf4 38. Nd6 Nc3+ 39. Ke3 Nd5+ 40. Kd3 Rxf2 41. a5 Rf1 42. a6 f6 43. Rf7+ Kg8 44. a7 Rd1+ 45. Kc2 1-0

[Event "GER-ch 71st"]
[Site "Altenkirchen"]
[Date "1999.11.20"]
[Round "9"]
[White "Mueller, Karsten"]
[Black "Heinemann, Thies"]
[Result "1-0"]
[WhiteElo "2533"]
[BlackElo "2489"]
[EventDate "1999.11.12"]
[PlyCount "151"]

1. e4 c5 2. Nf3 d6 3. d4 cxd4 4. Nxd4 Nf6 5. Nc3 a6 6. Bc4 e6 7. O-O b5 8. Bb3 Be7 9. Be3 Bd7 10. f4 Nc6 11. f5 Nxd4 12. Bxd4 O-O 13. Bxf6 Bxf6 14. Qxd6 Bc8 15. Rad1 Qxd6 16. Rxd6 Be5 17. Rd3 Re8 18. a3 Bb7 19. fxe6 fxe6 20. Rf5 Bc7 21. Rd7 Bb6+ 22. Kf1 Bc8 23. Rd3 g6 24. Rff3 Kg7 25. Ne2 Ra7 26. Nf4 Bc7 27. c3 Be5 28. h3 a5 29. Rd1 b4 30. axb4 axb4 31. cxb4 Bxb2 32. b5 Be5 33. Nd3 Bd6 34. Nf2 Bc5 35. Ng4 Bd7 36. Rxd7+ Rxd7 37. Nf6 Rde7 38. Nxe8+ Rxe8 39. Rc3 Rf8+ 40. Ke2 Bd4 41. Rc7+ Rf7 42. Rc6 Rb7 43. Bc4 e5 44. Kd3 Kh6 45. Rd6 Bf2 46. Rd5 Re7 47. Rd8 Rb7 48. Ke2 Ba7 49. Rd5 Re7 50. Rd6 Rb7 51. Ra6 Bd4 52. Rd6 Ba7 53. g3 Kg5 54. Kf3 Kh6 55. h4 Kh5 56. Kg2 Bc5 57. Rc6 Bd4 58. Kh3 Kh6 59. g4 Kg7 60. g5 Be3 61. Bd5 Rb8 62. Rc7+ Kh8 63. Bc6 Rf8 64. Re7 Bd4 65. Bd5 Rf3+ 66. Kg2 Rf2+ 67. Kg3 h6 68. gxh6 Rf4 69. Re6 Kh7 70. b6 Rf8 71. b7 Ba7 72. h5 gxh5 73. Kh4 Rf1 74. Kxh5 Rg1 75. Re7+ Kh8 76. Rxe5 1-0

[Event "GER-ch 71st"]
[Site "Altenkirchen"]
[Date "1999.11.20"]
[Round "9"]
[White "Riediger, Martin"]
[Black "Dettmann, Gerd"]
[Result "1/2-1/2"]
[WhiteElo "2230"]
[BlackElo "2184"]
[EventDate "1999.11.12"]
[PlyCount "129"]

1. c4 Nf6 2. Nc3 e6 3. Nf3 b6 4. g3 Bb7 5. Bg2 Be7 6. O-O O-O 7. d4 d6 8. d5 e5 9. e4 c5 10. Ne1 Nbd7 11. Nd3 Ne8 12. b3 a6 13. Bb2 Bf6 14. Qc2 Bc8 15. Rae1 g6 16. Nd1 Ra7 17. Ne3 Bg7 18. f4 exf4 19. Bxg7 Nxg7 20. gxf4 Nf6 21. Nf2 Re8 22. Bf3 Ngh5 23. Ng2 Ng7 24. Re2 h5 25. Rfe1 Ng4 26. Bxg4 hxg4 27. Qc3 Rae7 28. Qf6 Rb7 29. Qxd8 Rxd8 30. e5 Bf5 31. Ne3 Nh5 32. Nxf5 gxf5 33. Nd3 Re7 34. exd6 Rxe2 35. Rxe2 Rxd6 36. Re5 f6 37. Re8+ Kf7 38. Rh8 Ng7 39. Ra8 a5 40. Rb8 Ke7 41. Ne1 Kf7 42. Ng2 Nh5 43. Rb7+ Kg8 44. Ne3 Nxf4 45. Nxf5 Rd8 46. Nh6+ Kf8 47. Rf7+ Ke8 48. Rxf6 Nd3 49. Nxg4 b5 50. cxb5 Rxd5 51. Ra6 Rg5 52. h3 Kd7 53. Rxa5 Kc7 54. Ra6 Kb7 55. Rf6 Nc1 56. Rf2 Kb6 57. Rd2 Kxb5 58. Kf2 Kb4 59. Ne3 Rh5 60. Kg3 Re5 61. Kf4 Rh5 62. Rh2 Rh8 63. Kg3 Rg8+ 64. Ng4 Ra8 65. h4 1/2-1/2

[Event "GER-ch 71st"]
[Site "Altenkirchen"]
[Date "1999.11.20"]
[Round "9"]
[White "Rohde, Ulrich"]
[Black "Holzhaeuer, Mathias"]
[Result "1/2-1/2"]
[WhiteElo "2290"]
[BlackElo "2334"]
[EventDate "1999.11.12"]
[PlyCount "27"]

1. Nf3 Nf6 2. c4 e6 3. g3 a6 4. Bg2 b5 5. b3 Bb7 6. Nc3 bxc4 7. bxc4 c5 8. Rb1 Qc7 9. O-O Be7 10. Bb2 O-O 11. Ba1 Nc6 12. Na4 Rab8 13. d3 Ba8 14. Qc2 1/2-1/2

[Event "GER-ch 71st"]
[Site "Altenkirchen"]
[Date "1999.11.20"]
[Round "9"]
[White "Seger, Ruediger"]
[Black "Krause, Ullrich"]
[Result "0-1"]
[WhiteElo "2412"]
[BlackElo "2263"]
[EventDate "1999.11.12"]
[PlyCount "80"]

1. e4 e6 2. d4 d5 3. Nd2 Nf6 4. e5 Nfd7 5. c3 c5 6. Bd3 Nc6 7. Ne2 cxd4 8. cxd4 Qb6 9. Nf3 f6 10. exf6 Nxf6 11. O-O Bd6 12. Nc3 O-O 13. Be3 Bd7 14. Rc1 Kh8 15. Ne5 Be8 16. Na4 Qa5 17. Nxc6 Bxc6 18. Nc3 e5 19. Bf5 Rae8 20. a3 a6 21. Qd2 Qc7 22. g3 Qf7 23. f3 Qh5 24. Bc2 Nd7 25. Qg2 exd4 26. Bxd4 Ne5 27. f4 Nc4 28. Bd1 Qf5 29. Bc2 Qh5 30. Bd1 Qf5 31. Bc2 Qd7 32. Qf3 Qh3 33. Nb1 Be5 34. fxe5 Rxf3 35. Rxf3 Kg8 36. Rcf1 g6 37. Rf7 Nxe5 38. Bxe5 Rxe5 39. Bxg6 Re2 40. Bxh7+ Kh8 0-1

[Event "GER-ch 71st"]
[Site "Altenkirchen"]
[Date "1999.11.20"]
[Round "9"]
[White "Slobodjan, Roman"]
[Black "Gutman, Lev"]
[Result "0-1"]
[WhiteElo "2550"]
[BlackElo "2471"]
[EventDate "1999.11.12"]
[PlyCount "88"]

1. d4 Nf6 2. c3 g6 3. Bg5 Bg7 4. Nd2 O-O 5. Ngf3 d6 6. e4 Qe8 7. Bc4 e5 8. O-O h6 9. Bh4 Nh5 10. Re1 Nc6 11. dxe5 dxe5 12. Nf1 Na5 13. Bd3 Nf4 14. Ne3 b6 15. Nd5 Nxd5 16. exd5 Bg4 17. h3 Bxf3 18. Qxf3 f5 19. Qe2 Nb7 20. f4 g5 21. fxg5 hxg5 22. Bxg5 Nd6 23. Rf1 Qg6 24. Bd2 e4 25. Bc2 Bh6 26. Bf4 Rf7 27. Kh1 Re8 28. Rf2 Rg7 29. Raf1 Bxf4 30. Rxf4 b5 31. b3 Re5 32. c4 bxc4 33. bxc4 Nxc4 34. d6 Nxd6 35. g4 Qh6 36. Kh2 Rc5 37. Bb3+ Kh7 38. gxf5 Rc3 39. h4 Rgg3 40. Rg4 Rh3+ 41. Kg2 Rxh4 42. Rf2 Rh1 43. Rg7+ Kxg7 44. Qg4+ Kf6 {und WeiA gab auf, nach 45.ig6 + folgt 45. ...ie5.} 0-1

[Event "GER-ch 71st"]
[Site "Altenkirchen"]
[Date "1999.11.20"]
[Round "9"]
[White "Suhl, Dirk"]
[Black "Bastian, Herbert"]
[Result "1-0"]
[WhiteElo "2360"]
[BlackElo "2405"]
[EventDate "1999.11.12"]
[PlyCount "43"]

1. Nf3 Nf6 2. c4 g6 3. Nc3 Bg7 4. e4 O-O 5. d4 d6 6. Be2 Na6 7. O-O c5 8. Be3 Ng4 9. Bg5 h6 10. Bh4 cxd4 11. Nxd4 Ne5 12. Qd2 Nc5 13. Rad1 Bd7 14. Nc2 Rc8 15. f4 Nc6 16. Bf3 a5 17. b3 f5 18. e5 g5 19. fxg5 hxg5 20. Qxg5 Nxe5 21. Nd5 e6 22. Ne7+ 1-0

[Event "GER-ch 71st"]
[Site "Altenkirchen"]
[Date "1999.11.20"]
[Round "9"]
[White "Voigt, Roland"]
[Black "Bruch, Jochen"]
[Result "0-1"]
[WhiteElo "2147"]
[BlackElo "2320"]
[EventDate "1999.11.12"]
[PlyCount "112"]

1. e4 c5 2. Nf3 e6 3. d4 cxd4 4. Nxd4 Nf6 5. Nc3 d6 6. Be2 a6 7. f4 Qc7 8. O-O Nc6 9. Be3 Be7 10. Qe1 O-O 11. Bf3 Nxd4 12. Bxd4 e5 13. Be3 b5 14. a3 Bb7 15. Rd1 Rfe8 16. f5 Rad8 17. Qf2 Qc4 18. Bb6 Rd7 19. Rfe1 b4 20. axb4 Qxb4 21. g4 h6 22. h4 d5 23. g5 d4 24. gxf6 Bxf6 25. Ba7 Bc6 26. Nd5 Bxd5 27. exd5 Rxa7 28. Rxd4 Qxb2 29. Rc4 Qb8 30. Kg2 Rc7 31. Ree4 a5 32. Ra4 Rec8 33. c4 Qb3 34. Qa2 Qxa2+ 35. Rxa2 Rxc4 36. Rxc4 Rxc4 37. Rxa5 Rxh4 38. Ra8+ Kh7 39. Rf8 h5 40. Rxf7 Kh6 41. Rf8 Kg5 42. Kg3 Rd4 43. Ra8 h4+ 44. Kh3 Kxf5 45. Ra3 e4 46. Bg4+ Kf4 47. Be2 Rxd5 48. Ra2 Rc5 49. Ba6 Rc3+ 50. Kg2 Bd4 51. Rd2 Be3 52. Ra2 g5 53. Bb5 g4 54. Be2 Rc1 55. Kh2 Bg1+ 56. Kh1 Bf2+ 0-1

[Event "GER-ch 71st"]
[Site "Altenkirchen"]
[Date "1999.11.20"]
[Round "9"]
[White "Walter, Guenter"]
[Black "Kaster, Martin"]
[Result "0-1"]
[WhiteElo "2305"]
[BlackElo "2072"]
[EventDate "1999.11.12"]
[PlyCount "84"]

1. d4 Nf6 2. c4 c5 3. d5 e6 4. Nc3 exd5 5. cxd5 d6 6. e4 g6 7. Nge2 Bg7 8. Ng3 O-O 9. Be2 a6 10. a4 Nbd7 11. O-O Qc7 12. Be3 Re8 13. Qd2 h5 14. f3 Kh7 15. Nh1 b6 16. Nf2 c4 17. Rfc1 Ne5 18. h3 Rb8 19. g4 hxg4 20. hxg4 Qe7 21. Kg2 Nfd7 22. Rh1+ Kg8 23. Bh6 Bh8 24. Rh2 f6 25. Rah1 Nf7 26. g5 b5 27. axb5 axb5 28. Qf4 fxg5 29. Bxg5 Be5 30. Bxe7 Bxf4 31. Bh4 Bxh2 32. Rxh2 Kg7 33. f4 b4 34. Ncd1 Ba6 35. Bg4 Nf6 36. Be6 Rh8 37. Ne3 c3 38. Neg4 Nxg4 39. Nxg4 Rxh4 40. Rxh4 cxb2 41. f5 Rh8 42. f6+ Kf8 0-1